Loading...
| Fine Arts - Classical Music | 0 | 9 | 0 | 0 | 90 | 38 | 75.89 | 0 | 5 |
| Religion | 0 | 5 | 1 | 1 | 45 | 36 | 82.80 | 0 | 3 |
| Fine Arts - Other Fine Arts | 0 | 5 | 1 | 1 | 45 | 46 | 97.80 | 0 | 3 |
| Social Science | 0 | 3 | 0 | 0 | 30 | 83 | 88.67 | 1 | 3 |
| History - Other History | 0 | 2 | 0 | 1 | 20 | 97 | 109.00 | 0 | 1 |
| Geography | 0 | 1 | 0 | 0 | 10 | 91 | 91.00 | 0 | 0 |
| Science - Biology | 0 | 1 | 0 | 1 | 10 | 113 | 113.00 | 0 | 0 |
| Philosophy | 0 | 1 | 0 | 0 | 10 | 120 | 120.00 | 0 | 0 |
| Science - Other Science | 0 | 1 | 0 | 1 | 10 | 114 | 114.00 | 0 | 0 |
| Literature - European Literature | 0 | 1 | 0 | 1 | 10 | 137 | 137.00 | 0 | 1 |
| History - European History | 0 | 1 | 0 | 0 | 10 | 38 | 38.00 | 1 | 1 |
| Fine Arts - Painting and Sculpture | 0 | 1 | 1 | 1 | 5 | 148 | 148.00 | 0 | 0 |
| History - World History | 0 | 1 | 1 | 0 | 5 | 51 | 51.00 | 0 | 1 |
| Mythology | 0 | 1 | 1 | 0 | 5 | 103 | 103.00 | 0 | 1 |
| History - American History | 0 | 1 | 1 | 0 | 5 | 114 | 114.00 | 0 | 0 |
| Literature - British Literature | 0 | 0 | 1 | 0 | -5 | 0.00 | 0 | 0 |